| 000 | 00988cam a2200265 a 4500 | ||
|---|---|---|---|
| 999 |
_c128963 _d128963 |
||
| 001 | 16237826 | ||
| 003 | ARRUPE | ||
| 005 | 20190212115806.0 | ||
| 008 | 100517s2009 rh a 000 0 eng | ||
| 010 | _a 2010323458 | ||
| 020 | _a9780797438804 | ||
| 040 |
_aDLC _cDLC _dDLC |
||
| 042 |
_alcode _apcc |
||
| 043 | _af-rh--- | ||
| 050 | 0 | 0 |
_aKTZ170 _b.P46 2009 |
| 245 | 0 | 2 | _aA people's guide to constitutional debate. |
| 260 |
_aHarare : _bBookteam, Africa Community Publishing and Development Trust, _c2009. |
||
| 300 |
_a226, [6] p. : _bill. ; _c21 cm. |
||
| 650 | 0 |
_aConstitutional law _zZimbabwe. _943364 |
|
| 651 | 0 |
_aZimbabwe _xPolitics and government _y1980- _944555 |
|
| 710 | 2 |
_aACPD Bookteam. _911778 |
|
| 856 | 4 | 1 |
_3Table of contents only _uhttp://www.loc.gov/catdir/toc/fy11pdf02/2010323458.html |
| 906 |
_a7 _bcbc _corigode _d3 _encip _f20 _gy-gencatlg |
||
| 942 |
_2lcc _cMONOGRAPH |
||